00825nam a22002657a 45000010005000000030006000050050017000110080041000280200018000690400029000870500017001160820008001331000033001412450076001742500041002502600036002913000055003275050007003825200067003895210018004565210018004746500020004926500018005127000029005308102FISKH20250825084446.0250825b cb ||||| |||| 00| 0 eng d a9780516420370 aFISKHbengcFISKHdFISKH aPZ7.G82845 I a790 aGreene, Carold(1942–2012) aIce is...whee! /cWritten by Carol Greene ; Illustrations by Paul Sharp aThis edition first published in 1983 aCanada :bChildren Press,c1983 a28 unumbered pages :bcolor illustrations ;c18 cm aC  aIce is cold, slippery, pretty, and a lot of fun for children. 8 a140 bLexile 8 aC bRaz-Plus  2WinteraRhyming 2SeasonsaSnow aSharp, Pauldillustrator